Matemática 1 /
Guardado en:
| Autor Principal: | |
|---|---|
| Otros Autores: | , , , |
| Formato: | Libro |
| Publicado: |
Buenos Aires :
Kapelusz,
2000
|
| Series: | Biblioteca del Polimodal
|
| Materias: | |
| Etiquetas: |
Agregar Etiqueta
Sin Etiquetas, Sea el primero en etiquetar este registro!
|
| LEADER | 01119nam a22002655a 4500 | ||
|---|---|---|---|
| 001 | CEM.cems017733 | ||
| 005 | 20120302150819.0 | ||
| 008 | 130507s2000##################000#0#####d | ||
| 003 | CEMS | ||
| 020 | |a 9501324338 | ||
| 082 | 0 | 4 | |a 510 |
| 100 | 1 | |a Etchegoyen, Susana N. | |
| 245 | 1 | 0 | |a Matemática 1 / |c Susana N. Etchegoyen ... [et Al.] |
| 260 | |a Buenos Aires : |b Kapelusz, |c 2000 | ||
| 300 | |a 210 p. + cuadernillo actividades | ||
| 490 | 0 | |a Biblioteca del Polimodal | |
| 505 | 0 | |a Mundos de números -- Números reales -- La función de las funciones -- Son complejos los complejos? -- De ecuaciones y funciones -- De las expresiones algebraicas a las funciones polinómicas -- Funciones trascendentes -- Locus ... o lugar geométrico -- Lo que ocurre, lo posible, lo probable | |
| 653 | |a Matemática | ||
| 653 | |a Matemática-polimidal | ||
| 700 | 1 | |a Fagale, Enrique D. | |
| 700 | 1 | |a Rodríguez, Silvia A. | |
| 700 | 1 | |a Avila de Kalan, Marta I. | |
| 700 | 1 | |a Alonso, María Rosario | |
| 859 | |a CEMS |b BIB. CEMS - Agricultura |h 510 |i Et18 |p A0618.05 |t Ej.1 | ||
| 859 | |a CEMS |b BIB. CEMS - Agricultura |h 510 |i Et18 |p A1490.12 |t Ej.2 | ||
